Szczegóły MARC21

Dichter und Richter : Die Gruppe 47 und die deutsche Nachkriegsliteratur : Ausstellung der Akademie der Künste 28. Oktober bis 7. Dezember 1988 /

003 -Nazwa inst., której nr kontr. jest w polu 001 [,]
    • @
    • Nazwa instytucji, której n kontrolny jest w polu 001
    • NUKAT
005 -DATA I CZAS OSTATNIEJ MODYFIKACJI [,]
    • @
    • pole kontrolne
    • 20241231105040.0
020 -Międzynarod. znormalizowany nr książki - ISBN [ , ]
    • a
    • Numer ISBN
    • 3883319562 Find
040 -Instytucja sporządzająca opis [ , ]
    • a
    • Instytucja, która sporządziła opis (NP)
    • SZCZ U/KP
    • b
    • Język katalogowania
    • pol
    • e
    • Zasady katalogowania
    • rda
    • c
    • Instytucja, która sporządziła rekord (NP)
    • SZCZ U/KPs
942 -Rodzaj dokumentu [ , ]
    • c
    • Rodzaj dokumentu
    • Książka
100 -Hasło główne - nazwa osobowa [1, ]
    • a
    • Nazwa osobowa (NP)
    • Schutte, Jürgen
    • d
    • Daty biograficzne (NP)
    • (1938-2018).
    • e
    • Rodzaj współpracy
    • Autor
    • 9
    • KHW
    • 424940
245 -Strefa tytułu i oznaczenia odpowiedzialności [1,0]
    • a
    • Tytuł
    • Dichter und Richter : Find
    • b
    • Ciąg dalszy tytułu (NP)
    • Die Gruppe 47 und die deutsche Nachkriegsliteratur : Ausstellung der Akademie der Künste 28. Oktober bis 7. Dezember 1988 / Find
    • c
    • Pozostałe elementy strefy tytułu i oznaczenia odpowiedzialności (NP)
    • Akademie der Künste ; Austellung und Katalog Jürgen Schutte mit Elisabeth Unger und Irmtraud Gemballa.
260 -Strefa adresu wydawniczego [ , ]
    • a
    • Miejsce wydania (P)
    • Berlin :
    • b
    • Nazwa wydawcy (P)
    • Akademie der Künste,
    • c
    • Data wydania (P)
    • 1988.
300 -Strefa opisu fizycznego [ , ]
    • a
    • Określenie formy książki i/lub objętość (NP)
    • 359 stron :
    • b
    • Oznaczenie ilustracji (NP)
    • ilustracje ;
    • c
    • Format (NP)
    • 22x22 cm.
336 -Typ zawartości [ , ]
    • a
    • Termin opisujący typ zawartości
    • Tekst
    • b
    • Kod określający zawartość
    • txt
    • 2
    • Źródło (terminu i kodu)
    • rdacontent
337 -Typ mediów [ , ]
    • a
    • Tryb odtwarzania
    • Bez urządzenia pośredniczącego
    • b
    • Kod typu mediów
    • n
    • 2
    • Źródło (terminu i kodu)
    • rdamedia
338 -Typ/rodzaj nośnika [ , ]
    • a
    • Hasło opisujące typ nośnika
    • Wolumin
    • b
    • Kod typu nośnika
    • nc
    • 2
    • Źródło (terminu i kodu)
    • rdacarrier
610 -Hasło przedmiotowe w formie nazwy ciała zbiorowego [2,7]
    • a
    • Nazwa ciała zbiorowego lub nazwa geograficzna
    • Gruppe 47.
    • 2
    • Źródło terminu
    • kaba
    • 9
    • KHW
    • 236655
650 -Hasło przedmiotowe [ ,7]
    • a
    • Hasło przedmiotowe
    • Pisarze niemieccy
    • y
    • Określnik chronologiczny
    • 20 w.
    • v
    • Określnik formalny
    • katalogi wystaw.
    • 2
    • Źródło terminu
    • kaba
    • 9
    • KHW
    • 499817
700 -Hasło dodatkowe - nazwa osobowa [1, ]
    • a
    • Nazwa osobowa (NP)
    • Unger, Elisabeth. Find
    • e
    • Określenie rodzaju współpracy
    • Autor
    • 9
    • KHW
    • 497107
700 -Hasło dodatkowe - nazwa osobowa [1, ]
    • a
    • Nazwa osobowa (NP)
    • Gemballa, Irmtraud. Find
    • e
    • Określenie rodzaju współpracy
    • Autor
    • 9
    • KHW
    • 496765
710 -Hasło dodatkowe - nazwa ciała zbiorowego [2, ]
    • a
    • Nazwa ciała zbiorowego lub nazwa geograficzna jako pierwszy element (NP)
    • Akademie der Künste (Berlin).
    • e
    • Rodzaj współpracy
    • Instytucja sprawcza
    • e
    • Rodzaj współpracy
    • Wydawca
    • 4
    • Kod relacji
    • pbl
    • 9
    • KHW
    • 491446
730 -Hasło dodatkowe - tytuł ujednolicony [0, ]
    • a
    • Tytuł ujednolicony (NP)
    • Katalog wystawy (Akademie der Künste ; Berlin ; 1988)
    • 9
    • KHW
    • 501642
920 -ISBN [ , ]
    • a
    • ISBN
    • 3-88331-956-2 Find
Numer inwentarzowy Sygnatura Lokalizacja Data inwentaryzacji Status udost.
G.19754GERM.Lit.niem.-XX w.(po 1945) 01 BM2019-02-051